| 000 | 00627nam a2200193Ia 4500 | ||
|---|---|---|---|
| 003 | IN-BaIIA | ||
| 008 | 211028s9999 xx 000 0 eng d | ||
| 040 | _cIIA Library | ||
| 080 | _a083.7:691.87-42:693.554 | ||
| 110 | _aIndian Standards Institution | ||
| 245 | 0 |
_aIndian standard code of practice for bending and fixing of bars for concrete reinforcement _cIndian Standards Institution |
|
| 260 |
_aNew Delhi _bIndian Standards Institution _c1964 |
||
| 300 | _a26p. | ||
| 500 | _aIS 2502 : 1963 | ||
| 650 |
_a Concrete Reinforcement _98890 |
||
| 650 | _a Standards | ||
| 650 | _aNASA Thesaurus | ||
| 942 | _cBK | ||
| 999 |
_c4981 _d4981 |
||